| 000 | 00394nam a2200157Ia 4500 | ||
|---|---|---|---|
| 008 | 230917s9999||||xx |||||||||||||| ||und|| | ||
| 040 |
_e181201 _aMAIN |
||
| 041 | _aEnglish | ||
| 082 | _a005.73 K13D(2) | ||
| 100 | _aKanetkar, Yashavant | ||
| 245 | 0 | _aData structures through C | |
| 250 | _a2nd ed. | ||
| 260 |
_aNew Delhi _bBPB Publications _c2010 |
||
| 300 | _aviii, 647 p. | ||
| 942 | _cBK | ||
| 999 |
_c151637 _d151637 |
||